00438nam a2200157Ia 45000010006000000050017000060080041000230410008000640820020000721000034000922450101001262600009002273000028002366500008002646540008002721577920260306170221.0260306t2007||||xx |||||||||||||| ||und|| aESP a620.0042bS21P1 aSantonja Gimeno, AlbertoeAUT 0aEl prototipo como proceso del diseño industrial I:bprocesos para la obtención de prototipos c2007 a194 páginas :c24 cm. aGEN aCII